Project management : strategic design and implementation / (Record no. 70221)

000 -LEADER
fixed length control field 00915cam a2200277 a 4500
001 - CONTROL NUMBER
control field 2998726
003 - CONTROL NUMBER IDENTIFIER
control field NUST - PNEC
005 - DATE AND TIME OF LATEST TRANSACTION
control field 20170116181136.0
008 - FIXED-LENGTH DATA ELEMENTS--GENERAL INFORMATION
fixed length control field 931203s1994 nyua b 001 0 eng
010 ## - LIBRARY OF CONGRESS CONTROL NUMBER
LC control number 93044757
020 ## - INTERNATIONAL STANDARD BOOK NUMBER
International Standard Book Number 0070113513 (acidfree paper)
020 ## - INTERNATIONAL STANDARD BOOK NUMBER
International Standard Book Number 0071138927
040 ## - CATALOGING SOURCE
Transcribing agency LIBRARY
050 00 - LIBRARY OF CONGRESS CALL NUMBER
Classification number HD69.P75
Item number C526 1994
082 00 - DEWEY DECIMAL CLASSIFICATION NUMBER
Classification number 658.404 CLE
Edition number 20
100 1# - MAIN ENTRY--PERSONAL NAME
Personal name Cleland, David I.
245 10 - TITLE STATEMENT
Title Project management : strategic design and implementation /
Statement of responsibility, etc. David I. Cleland.
250 ## - EDITION STATEMENT
Edition statement 2nd ed.
260 ## - PUBLICATION, DISTRIBUTION, ETC.
Place of publication, distribution, etc. New York :
Name of publisher, distributor, etc. McGraw-Hill,
Date of publication, distribution, etc. c1994.
300 ## - PHYSICAL DESCRIPTION
Extent xx, 478 p. :
Other physical details ill. ;
Dimensions 24 cm.
504 ## - BIBLIOGRAPHY, ETC. NOTE
Bibliography, etc. note Includes bibliographical references and index.
650 #0 - SUBJECT ADDED ENTRY--TOPICAL TERM
Topical term or geographic name entry element Project management.
General subdivision MIS
906 ## - LOCAL DATA ELEMENT F, LDF (RLIN)
a 7
b cbc
c orignew
d 1
e ocip
f 19
g y-gencatlg
942 ## - ADDED ENTRY ELEMENTS (KOHA)
Source of classification or shelving scheme
Koha item type Book
Holdings
Withdrawn status Lost status Source of classification or shelving scheme Damaged status Not for loan Permanent Location Current Location Shelving location Date acquired Total Checkouts Full call number Barcode Date last seen Price effective from Koha item type
          Pakistan Navy Engineering College (PNEC) Pakistan Navy Engineering College (PNEC)       658.404 CLE PNECLIB-018433 10/14/2015   Book
© 2023 Central Library, National University of Sciences and Technology. All Rights Reserved.